000 00919nam a22002177a 4500
005 20250310152012.0
008 s2544 th tha d
020 _a9745277436
040 _aNALT
041 _atha
100 0 _aพิศิษฐ์ ชวาลาธวัช
245 1 0 _aรัฐกับสิทธิได้รู้ ข้อมูลหรือข่าวสารของราชการ ฉบับประชาชน
260 3 _aกรุงเทพฯ :
_bอักษราพิพัฒน์,
_c2544
300 _a176 หน้า ;
_b 21 ซม.
650 0 4 _aข้อมูลข่าวสารของราชการ (พ.ร.บ.) -- 2540
650 0 4 _aสิทธิของพลเมือง
850 _aNALT
942 _cLB
_2lcc
_01
999 _c18971
_d18971
998 _j111
_k นางสาวพจพิณ พรมเอี่ยม
090 _aKR33 พ759ร 2544